Drahý zelený prerod

Nemecká energetická premena načiera do peňaženiek spotrebiteľov, trpí ťažkopádnym budovaním sieťovej infraštruktúry. Do roku 2050 by krajina mala vyrábať 60 percent elektriny z obnoviteľných zdrojov. Dôraz na zelené energie má viesť k podstatnému skresaniu emisií skleníkových plynov. Za obeť padajú...

Descrizione completa

Salvato in:
Dettagli Bibliografici
Autore principale: Legéň, Marek
Natura: Capitolo di libro
Lingua:slovacco
Soggetti:
Tags: Aggiungi Tag
Nessun Tag, puoi essere il primo ad aggiungerne!!

MARC

LEADER 00000naa a2200000 4500
001 0234243
005 20221104112553.6
041 0 |a slo 
044 |a SK 
245 1 0 |a Drahý zelený prerod  |c Marek Legéň 
520 |a Nemecká energetická premena načiera do peňaženiek spotrebiteľov, trpí ťažkopádnym budovaním sieťovej infraštruktúry. Do roku 2050 by krajina mala vyrábať 60 percent elektriny z obnoviteľných zdrojov. Dôraz na zelené energie má viesť k podstatnému skresaniu emisií skleníkových plynov. Za obeť padajú jadrové elektrárne. Energiewende - politika obratu v energetike. 
610 2 0 |a energetika 
610 2 0 |a zdroje energie obnoviteľné 
610 2 0 |a zdroje energie prírodné 
610 2 0 |a energia atómová 
610 2 0 |a elektrárne atómové 
610 2 0 |a ceny 
610 2 0 |a Nemecko 
100 1 |a Legéň, Marek